Globalization and Latin American Cinema Toward a New Critical Paradigm /

Studying the case of Latin American cinema, this book analyzes one of the most public - and most exportable- forms of postcolonial national culture to argue that millennial era globalization demands entirely new frameworks for thinking about the relationship between politics, culture, and economic p...

Full description

Bibliographic Details
Main Author: McClennen, Sophia A. (Author, http://id.loc.gov/vocabulary/relators/aut)
Corporate Author: SpringerLink (Online service)
Format: Electronic eBook
Language:English
Published: Cham : Springer International Publishing : Imprint: Palgrave Macmillan, 2018.
Edition:1st ed. 2018.
Series:Palgrave Studies in Globalization, Culture and Society
Subjects:
Online Access:Full Text via HEAL-Link
LEADER 03595nam a2200505 4500
001 978-3-319-57060-0
003 DE-He213
005 20191220125546.0
007 cr nn 008mamaa
008 181023s2018 gw | s |||| 0|eng d
020 |a 9783319570600  |9 978-3-319-57060-0 
024 7 |a 10.1007/978-3-319-57060-0  |2 doi 
040 |d GrThAP 
050 4 |a PN1993.5.A1 
072 7 |a AP  |2 bicssc 
072 7 |a PER004000  |2 bisacsh 
072 7 |a AT  |2 thema 
082 0 4 |a 791.4098  |2 23 
100 1 |a McClennen, Sophia A.  |e author.  |4 aut  |4 http://id.loc.gov/vocabulary/relators/aut 
245 1 0 |a Globalization and Latin American Cinema  |h [electronic resource] :  |b Toward a New Critical Paradigm /  |c by Sophia A. McClennen. 
250 |a 1st ed. 2018. 
264 1 |a Cham :  |b Springer International Publishing :  |b Imprint: Palgrave Macmillan,  |c 2018. 
300 |a XVIII, 544 p.  |b online resource. 
336 |a text  |b txt  |2 rdacontent 
337 |a computer  |b c  |2 rdamedia 
338 |a online resource  |b cr  |2 rdacarrier 
347 |a text file  |b PDF  |2 rda 
490 1 |a Palgrave Studies in Globalization, Culture and Society 
505 0 |a 1. Introduction -- Section One: Process -- 2. Coproduction -- 3. Distribution -- 4. Exhibition -- Section Two: Place -- 5. Argentina -- 6. Brazil -- 7. Mexico -- Coda -- 8. On Location: Is Titanic a Mexican Movie?. 
520 |a Studying the case of Latin American cinema, this book analyzes one of the most public - and most exportable- forms of postcolonial national culture to argue that millennial era globalization demands entirely new frameworks for thinking about the relationship between politics, culture, and economic policies. Concerns that globalization would bring the downfall of national culture were common in the 1990s as economies across the globe began implementing neoliberal, free market policies and abolishing state protections for culture industries. Simultaneously, new technologies and the increased mobility of people and information caused others to see globalization as an era of heightened connectivity and progressive contact. Twenty-five years later, we are now able to examine the actual impact of globalization on local and regional cultures, especially those of postcolonial societies. Tracing the full life-cycle of films and studying blockbusters like City of God, Motorcycle Diaries, and Children of Men this book argues that neoliberal globalization has created a highly ambivalent space for cultural expression, one willing to market against itself as long as the stories sell. The result is an innovative and ground-breaking text suited to scholars interested in globalization studies, Latin-American studies and film studies. 
650 0 |a Motion pictures, American. 
650 0 |a Ethnology-Latin America. 
650 0 |a Globalization. 
650 1 4 |a Latin American Cinema and TV.  |0 http://scigraph.springernature.com/things/product-market-codes/413120 
650 2 4 |a Latin American Culture.  |0 http://scigraph.springernature.com/things/product-market-codes/411080 
650 2 4 |a Globalization.  |0 http://scigraph.springernature.com/things/product-market-codes/912030 
710 2 |a SpringerLink (Online service) 
773 0 |t Springer eBooks 
776 0 8 |i Printed edition:  |z 9783319570594 
776 0 8 |i Printed edition:  |z 9783319570617 
776 0 8 |i Printed edition:  |z 9783030096212 
830 0 |a Palgrave Studies in Globalization, Culture and Society 
856 4 0 |u https://doi.org/10.1007/978-3-319-57060-0  |z Full Text via HEAL-Link 
912 |a ZDB-2-LCM 
950 |a Literature, Cultural and Media Studies (Springer-41173)